SZA - Love Language (All Lyrics) - Statistics

General Stats
  • This quiz has been taken 46 times
  • The average score is 212 of 300
Answer Stats
Answer % Correct
I
100%
n****,
100%
n****
100%
you"
100%
You
100%
you
100%
you,
100%
language
97%
love
97%
me
97%
me,
97%
a
94%
to
94%
your
94%
how
91%
How
91%
in
91%
Show
91%
talk
91%
Talk
91%
be
88%
be,
88%
connect
88%
the
84%
yeah,
84%
do,
81%
do
81%
Help
81%
speak
81%
understand
81%
when
81%
with
81%
like
78%
no
78%
no,
78%
and
75%
And
75%
come
75%
don't
75%
lie
75%
my
75%
need
75%
on
75%
wanna
75%
can't
72%
for
72%
I'm
72%
Text
72%
too
72%
waiting
72%
ain't
69%
around,
69%
around
69%
let
69%
mind
69%
so
69%
that
69%
as
66%
compete
66%
program
66%
bitch
63%
get
63%
Needing
63%
"Patience
63%
side
63%
slow
63%
Still
63%
still
63%
virtue
63%
want
63%
wonder
63%
Bad
59%
bitches
59%
go,
59%
jam,
59%
of
59%
Sex
59%
time
59%
yours,
59%
it
56%
relentless,
56%
Said
56%
this
56%
'cause
53%
wasted
53%
All
50%
done
50%
Nobody
50%
plenty
50%
stick
50%
way,
50%
day
47%
definition
47%
gone
47%
hurt
47%
know
47%
purpose
47%
rent,
47%
up
47%
up,
47%
back
44%
lay
44%
right
44%
truth
44%
work
44%
you're
44%
Call
41%
coupe
41%
hand
41%
hate
41%
is
41%
pacing
41%
put
41%
hitting
38%
imperfect
38%
memories
38%
saying
38%
sucks
38%
suppress
38%
they
38%
awake
34%
between
34%
deny
34%
difference
34%
keep
34%
Never
34%
out
34%
please,
34%
quite
34%
remind
34%
chickens
31%
focused,
31%
if
31%
not
31%
riding
31%
thing
31%
admit
28%
baby
28%
backseat
28%
chewed
28%
confessions
28%
inside
28%
last
28%
old
28%
recognize
28%
regret
28%
live
25%
missing
25%
Ruin
25%
shit
25%
lead
22%
got
19%
looking
19%
alone
16%
mirrors
16%
queued
6%
without
6%
No matching quizzes found
Score Distribution
Percent of People with Each Score
Percentile by Number Answered
Your Score History
You have not taken this quiz